Praderas y estepas : para los grandes corredores

Guardado en:
Formato: Libro
Publicado: Madrid : Rueda, 2004
Materias:
Etiquetas: Agregar Etiqueta
Sin Etiquetas, Sea el primero en etiquetar este registro!
LEADER 00740nam a22002295a 4500
001 CEM.cems017986
005 20130416104416.0
008 130507s2004##################000#0#####d
003 CEMS
020 |a 8484472574 
082 0 4 |a 591.7145 
245 0 0 |a Praderas y estepas :  |b para los grandes corredores 
260 |a Madrid :  |b Rueda,  |c 2004 
300 |a 191 p. 
505 0 |a La estepa a los ojos de la saiga -- La gran pradera: bisontes gigantes y perrillos diminutos -- La Pampa y los ñandúes 
653 |a Animales 
653 |a Fauna de las praderas 
653 |a Praderas-fauna 
653 |a Fauna de la estepas 
653 |a Estepas-fauna 
653 |a Fauna-hábitat 
859 |a CEMS  |b BIB. CEMS - Agricultura  |h 591.7145  |i An546  |p A1822.13  |t Ej.1